La pretensión de corrección y la interpretación laboral (Registro nro. 21977)

Detalles MARC
000 -LEADER
fixed length control field 00385 a2200109 4500
001 - CONTROL NUMBER
control field ART_13064
005 - DATE AND TIME OF LATEST TRANSACTION
control field 20260410161817.0
008 - FIXED-LENGTH DATA ELEMENTS--GENERAL INFORMATION
fixed length control field 260409a
100 1# - MAIN ENTRY--PERSONAL NAME
Personal name Etala, Carlos Alberto
245 10 - TITLE STATEMENT
Title La pretensión de corrección y la interpretación laboral
773 0# - HOST ITEM ENTRY
Title Revista Juridica de Buenos Aires
Related parts Presente y futuro del derecho del trabajo (ene. 2009)
Record control number REV4315

No hay ítems disponibles.